| 000 | 01482nam a2200373Mc 4500 | ||
|---|---|---|---|
| 005 | 20160413095504.0 | ||
| 008 | 150408s2015 sp fr 000 0 spa d | ||
| 020 | _a9788447052196 (13a.Ed. V.1) | ||
| 020 | _a9788447052172 (13a.Ed. V.1) | ||
| 020 | _a9788447052165 (13a.Ed. V.2) | ||
| 020 | _a9788447049141 (13a.Ed. V.2) | ||
| 020 | _a8447049140 (12a.Ed. V.2) | ||
| 020 | _a9788447052196 (12a.Ed. V.2) | ||
| 035 | _a(OCoLC)904704956 | ||
| 040 |
_aCO-BoUCM _bspa _cSandra Palacio (modificó) _dJose A. Gerena |
||
| 041 | 0 | _aspa | |
| 245 | 0 | 0 |
_aLecciones de derecho mercantil _cdirigido por Aurelio Menéndez, Ángel Rojo |
| 250 | _a13a ed | ||
| 260 |
_aMadrid (España) _bCivitas _bThomson Reuters _c2015 |
||
| 300 | _a2 volumenes | ||
| 490 | 0 | _aTratados y manuales | |
| 650 | 7 |
_aDerecho comercial _912717 |
|
| 650 | 7 |
_aDerecho mercantil _912793 |
|
| 650 | 7 |
_aContratos _911818 _xAspectos jurídicos |
|
| 650 | 7 |
_aMercado de valores _919346 _xAspectos jurídicos |
|
| 650 | 7 |
_aContratos de seguros _911841 _xAspectos jurídicos |
|
| 650 | 7 |
_aTítulos valores _925494 _xAspectos jurídicos |
|
| 690 |
_aDerecho comercial _912717 |
||
| 700 | 1 |
_aMenéndez Menéndez, Aurelio _edirector _968257 |
|
| 700 | 1 |
_aRojo Fernández-Río, Ángel _edirector _968258 |
|
| 856 | 4 |
_uhttps://proview.thomsonreuters.com _zEste recurso requiere clave, por favor solicítela en la USEB |
|
| 942 |
_2DEWEY _a8 _cLIBRO _e13 _h346.07 _mL457d |
||
| 999 |
_c298899 _d298899 |
||